000
00317nam a2200157Ia 4500
100
_a
Flynn/Ida M
650
_a
Operating systems
942
_c
BK
366
_f
25
245
_a
Operating Systems
260
_b
Cengage Learning
_c
2006
082
_a
5.43
_b
FLY
300
_a
421
546
_a
ENGLISH
999
_c
34425
_d
34425